Normal view
MARC view
Entry Topical Term
001 - CONTROL NUMBER
- control field: 258214
003 - CONTROL NUMBER IDENTIFIER
- control field: OSt
005 - DATE AND TIME OF LATEST TRANSACTION
- control field: 20260309092324.0
008 - FIXED-LENGTH DATA ELEMENTS
- fixed length control field: 260309|| aca||aabn | a|a d
040 ## - CATALOGING SOURCE
- Original cataloging agency: OSt
- Transcribing agency: OSt
150 ## - HEADING--TOPICAL TERM
- Topical term or geographic name entry element: Hindi Drama
670 ## - SOURCE DATA FOUND
- Source citation: Work cat.: (OSt)148443: SHARMA (Bechan) शर्मा (बेचन) 258211, Mahatma Isa, 1922